Introducing systems and control (Record no. 12293)

000 -LEADER
fixed length control field 00593nam a2200229 4500
001 - CONTROL NUMBER
control field 12283
003 - CONTROL NUMBER IDENTIFIER
control field BD-DhUET
008 - FIXED-LENGTH DATA ELEMENTS--GENERAL INFORMATION
fixed length control field 731002s1974 nyua b 001 0 eng
020 ## - INTERNATIONAL STANDARD BOOK NUMBER
International Standard Book Number 007002491X
040 ## - CATALOGING SOURCE
Original cataloging agency DLC
Transcribing agency DLC
Modifying agency BD-DhUET
082 00 - DEWEY DECIMAL CLASSIFICATION NUMBER
Classification number 629.8
Item number AUS/1974
100 1# - MAIN ENTRY--PERSONAL NAME
Personal name Auslander, David M.
245 10 - TITLE STATEMENT
Title Introducing systems and control
250 ## - EDITION STATEMENT
Edition statement 1st ed.
260 ## - PUBLICATION, DISTRIBUTION, ETC. (IMPRINT)
Place of publication, distribution, etc. New York
Name of publisher, distributor, etc. McGraw-Hill
Date of publication, distribution, etc. 1974
300 ## - PHYSICAL DESCRIPTION
Extent x, 389 p.
Other physical details ill.
Dimensions 23 cm.
504 ## - BIBLIOGRAPHY, ETC. NOTE
Bibliography, etc Includes bibliographies
650 #0 - SUBJECT ADDED ENTRY--TOPICAL TERM
Topical term or geographic name as entry element Control theory
700 1# - ADDED ENTRY--PERSONAL NAME
Personal name Rabins, Michael J.
700 ## - ADDED ENTRY--PERSONAL NAME
Personal name Takahashi, Yasundo
942 ## - ADDED ENTRY ELEMENTS (KOHA)
Koha item type General Book
Holdings
Damaged status Piece designation (barcode) Withdrawn status Price effective from Koha item type Source of classification or shelving scheme Koha normalized classification for sorting Lost status Location (home branch) Not for loan Date acquired Koha full call number Shelving location Sublocation or collection (holding branch) Koha date last seen Copy number
 46377 2015-02-25General Book 629_800000000000000_AUS_1974 Central Library, BUET 2015-02-25629.8/AUS/1974Circulation sectionCentral Library, BUET2015-02-251
 44521 2015-02-25General Book 629_800000000000000_AUS_1974 Central Library, BUET 2015-02-25629.8/AUS/1974Circulation sectionCentral Library, BUET2015-02-252
 44402 2015-02-25General Book 629_800000000000000_AUS_1974 Central Library, BUET 2015-02-25629.8/AUS/1974Circulation sectionCentral Library, BUET2015-02-253
 55497 2015-02-25General Book 629_800000000000000_AUS_1974 Central Library, BUET 2015-02-25629.8/AUS/1974Circulation sectionCentral Library, BUET2015-02-255